Hogwarts History of Magic Exam Quiz Stats

 Plays Quiz Updated Oct 7, 2017

Challenge
Share
Tweet
Score 0/26 Timer 06:00
5 Plays Today
% Correct
James Potter
90.8%
Lily Potter
89.9%
True
88.8%
Dementors
87.6%
Remus Lupin
87.3%
Fred Weasley
87.2%
Giants
87.1%
Lord Voldemort
86.7%
Nymphadora Tonks
85.8%
True
84.7%
Werewolves
83.8%
True
83.2%
Regulus Black
82.5%
% Correct
Inferi
80%
Colin Creevey
77%
Dumbledore
76.1%
Gideon Prewett
75.4%
Acromantulas
72.3%
Potter
71.6%
International Statute of Wizarding Secrecy
70.9%
Grindelwald
68.6%
Charity Burbage
65.5%
House-elf Conflict of 1411
63.1%
Malfoy
62%
Peverell
59.6%
Gregorovitch
49.7%

You're not logged in!

Compare scores with friends on all Sporcle quizzes.
OR
Log In

You Might Also Like...

Show Comments

Extras

Top Quizzes Today


Score Distribution

Your Account Isn't Verified!

In order to create a playlist on Sporcle, you need to verify the email address you used during registration. Go to your Sporcle Settings to finish the process.

Report this User

Report this user for behavior that violates our Community Guidelines.

Details: